[Event "Championnat de France des Jeunes - Benja"]
[Site "AIX LES BAINS "]
[Date "2009.04.25"]
[Round "8.5"]
[White "Roubaud, Alexandre"]
[Black "Paci, Nicolas"]
[Result "0-1"]
[WhiteElo "2074"]
[BlackElo "1825"]
[PlyCount "64"]
[EventDate "2009.??.??"]

1. e4 c5 2. Nc3 e6 3. f4 Nc6 4. Nf3 a6 5. d3 Qc7 6. g3 d6 7. Bg2 Be7 8. O-O Bd7
9. Bd2 O-O-O 10. f5 Bf6 11. Bg5 h6 12. Bxf6 Nxf6 13. fxe6 Bxe6 14. Ne2 Ne5 15.
h3 d5 16. exd5 Nxf3+ 17. Rxf3 Bxd5 18. Rf2 Bxg2 19. Kxg2 Qc6+ 20. Kh2 Ne4 21.
Rf4 Ng5 22. Nc3 f6 23. Qg4+ Kb8 24. Raf1 Rd4 25. h4 Rxf4 26. Qxf4+ Ka8 27. Qf5
Ne6 28. Rf2 Nd4 29. Qf4 Re8 30. Ne4 f5 31. Qd6 fxe4 32. Qf4 e3 0-1

[Event "Championnat de France des Jeunes - Benja"]
[Site "AIX LES BAINS "]
[Date "2009.04.25"]
[Round "8.6"]
[White "Ravot, Emmanuel"]
[Black "Lemeille, Francois"]
[Result "0-1"]
[WhiteElo "1857"]
[BlackElo "1931"]
[PlyCount "99"]
[EventDate "2009.??.??"]

1. d4 Nf6 2. c4 e6 3. Nc3 Bb4 4. Bg5 O-O 5. e3 d6 6. Bd3 Bxc3+ 7. bxc3 Nbd7 8.
Qc2 h6 9. Bxf6 Qxf6 10. h4 e5 11. g4 Re8 12. Ne2 Qf3 13. Be4 Qxg4 14. Bf5 Qf3
15. Be4 Qg4 16. Bf5 Qf3 17. Rh3 Qc6 18. Rg3 Nf6 19. Bxc8 Raxc8 20. Qf5 Kh8 21.
f3 Qxc4 22. Kf2 Qe6 23. Qc2 exd4 24. e4 dxc3 25. Nd4 Qe5 26. Nf5 Nh5 27. Rg4
Kh7 28. Qc1 Qh2+ 29. Rg2 Qf4 30. Rxg7+ Kh8 31. Qxf4 Nxf4 32. Rxf7 Rf8 33. Nxh6
Rxf7 34. Nxf7+ Kg7 35. Ng5 Rh8 36. Rh1 c2 37. Ke3 Rxh4 38. Rc1 Kg6 39. Rxc2
Kxg5 40. Rxc7 Rh2 41. Rg7+ Ng6 42. Rxb7 Rxa2 43. Rd7 Ra6 44. Kd4 Ne5 45. Ke3
Ra3+ 46. Ke2 Nxd7 47. Kf2 Kf4 48. Kg1 Kxf3 49. Kh2 Ra1 50. e5 0-1

[Event "Championnat de France des Jeunes - Benja"]
[Site "AIX LES BAINS "]
[Date "2009.04.25"]
[Round "8.7"]
[White "Deslias, Gregoire"]
[Black "Kirk, Ezra"]
[Result "0-1"]
[WhiteElo "1806"]
[BlackElo "1884"]
[PlyCount "86"]
[EventDate "2009.??.??"]

1. d4 Nf6 2. c4 g6 3. Nc3 Bg7 4. e4 d6 5. Be2 O-O 6. Bg5 h6 7. Be3 e5 8. d5
Nbd7 9. g4 Nc5 10. f3 h5 11. g5 Nh7 12. h4 a5 13. Qd2 Bd7 14. Nh3 Re8 15. Nf2
b6 16. Nd3 Rb8 17. Rb1 Rb7 18. b3 Qe7 19. a3 Ra8 20. b4 Nxd3+ 21. Bxd3 axb4 22.
axb4 Rba7 23. Ke2 Nf8 24. Rb2 Bc8 25. Nb5 Ra1 26. Rc1 Qd8 27. c5 bxc5 28. bxc5
Bd7 29. cxd6 Bxb5 30. Bxb5 cxd6 31. Bc6 R8a3 32. Rcb1 Qc8 33. Qc1 Rxb1 34. Qxb1
Qh3 35. Qe1 f5 36. Qf2 Ra1 37. Kd3 Qh1 38. Qe2 Qxh4 39. Qf2 fxe4+ 40. fxe4 Ra3+
41. Kd2 Qxe4 42. Ke2 Qd3+ 43. Kf3 e4+ 0-1

[Event "Championnat de France des Jeunes - Benja"]
[Site "AIX LES BAINS "]
[Date "2009.04.25"]
[Round "8.8"]
[White "Feryn, Benjamin"]
[Black "Macon, Arthur"]
[Result "1-0"]
[WhiteElo "1920"]
[BlackElo "1732"]
[PlyCount "55"]
[EventDate "2009.??.??"]

1. e4 e6 2. d4 d5 3. Nc3 Nf6 4. e5 Nfd7 5. f4 c5 6. Nf3 Nc6 7. Be3 a6 8. Qd2 b5
9. Ne2 Qb6 10. c3 Be7 11. Ng3 O-O 12. Bd3 cxd4 13. Nxd4 Nxd4 14. Bxd4 Bc5 15.
Qe3 Bb7 16. O-O Rac8 17. f5 Rfe8 18. f6 g6 19. Rf4 Qc7 20. Kh1 Bf8 21. Rh4 Qa5
22. Ne2 b4 23. Qh3 h5 24. Rxh5 gxh5 25. Qxh5 Nxf6 26. exf6 Bh6 27. Qxh6 Red8
28. Qg7# 1-0

[Event "Championnat de France des Jeunes - Benja"]
[Site "AIX LES BAINS "]
[Date "2009.04.25"]
[Round "8.8"]
[White "Fuhrmann, V."]
[Black "Grandadam, P."]
[Result "0-1"]
[WhiteElo "1598"]
[BlackElo "2055"]
[PlyCount "56"]
[EventDate "2009.??.??"]

1. d4 d5 2. c4 e6 3. cxd5 exd5 4. Nc3 c6 5. Qc2 Bd6 6. Nf3 Ne7 7. e3 Bf5 8. Bd3
Bxd3 9. Qxd3 O-O 10. Bd2 Nd7 11. O-O Ng6 12. Rab1 f5 13. b4 a6 14. a4 b5 15.
Rfc1 Nb6 16. Ne2 Nc4 17. axb5 axb5 18. Ra1 Qe7 19. Qb3 Nh4 20. Bc3 Nxf3+ 21.
gxf3 Rae8 22. Re1 Rf6 23. f4 Rg6+ 24. Ng3 h5 25. Kf1 h4 26. Nxf5 Qe4 27. Nxh4
Rg4 28. Bb2 Nd2+ 0-1

[Event "Championnat de France des Jeunes - Benja"]
[Site "AIX LES BAINS "]
[Date "2009.04.25"]
[Round "8.10"]
[White "Aubry, Yannis"]
[Black "Grundman, Anatole"]
[Result "1-0"]
[WhiteElo "1932"]
[BlackElo "1777"]
[PlyCount "75"]
[EventDate "2009.??.??"]

1. e4 c5 2. Nf3 d6 3. d4 cxd4 4. Nxd4 Nf6 5. Nc3 a6 6. Bg5 e6 7. f4 Qb6 8. Qd2
Qxb2 9. Rb1 Qa3 10. e5 Nfd7 11. f5 Nxe5 12. fxe6 fxe6 13. Be2 Nbc6 14. Nf3 Qa5
15. O-O d5 16. Nxe5 Nxe5 17. Kh1 Bb4 18. Rb3 Nf7 19. Rxf7 Kxf7 20. Qf4+ Ke8 21.
Rxb4 Qc5 22. Na4 Qf8 23. Nb6 Qxf4 24. Bxf4 Bd7 25. Nxa8 Ke7 26. Nb6 Bc6 27. Be3
e5 28. Bc5+ Kf6 29. Bf3 Rd8 30. h4 e4 31. Bd4+ Kf5 32. Be2 Rf8 33. Rb1 Ke6 34.
Rf1 Rxf1+ 35. Bxf1 g6 36. g3 h5 37. Bh3+ Kf7 38. Nd7 1-0

[Event "Championnat de France des Jeunes - Benja"]
[Site "AIX LES BAINS"]
[Date "2009.04.25"]
[Round "8.1"]
[White "Bekhouche, Marion"]
[Black "Rigolot, Lucie"]
[Result "1-0"]
[WhiteElo "1638"]
[BlackElo "1831"]
[PlyCount "89"]
[EventDate "2009.??.??"]

1. Nf3 d5 2. d4 c6 3. c4 e6 4. Bg5 Nf6 5. e3 Nbd7 6. Qc2 Be7 7. Nc3 Qc7 8. Rc1
dxc4 9. Bxc4 e5 10. d5 cxd5 11. Bxd5 Nb6 12. Be4 a6 13. Bxf6 Bxf6 14. Nd5 Nxd5
15. Qxc7 Nxc7 16. Rxc7 Rb8 17. Ke2 Bd8 18. Rc5 f6 19. Rhc1 Be6 20. Nd2 Bb6 21.
R5c3 Ke7 22. Nb3 f5 23. Bb1 Rbc8 24. Nc5 Ba5 25. R3c2 Bd5 26. Nd3 Rxc2+ 27.
Rxc2 e4 28. Nf4 Bc6 29. Rc5 Bb5+ 30. Kd1 g5 31. Ne2 Rd8+ 32. Nd4 Bb6 33. Re5+
Kf7 34. Rxf5+ Kg6 35. Bxe4 Kh5 36. Rd5 Re8 37. Bf3+ Kg6 38. Rd6+ Kg7 39. Rxb6
Bc4 40. Rxb7+ Kg8 41. b3 Bf7 42. Nf5 Rd8+ 43. Ke2 Kf8 44. Ra7 Bg6 45. g4 1-0

[Event "Championnat de France des Jeunes - Benja"]
[Site "AIX LES BAINS"]
[Date "2009.04.25"]
[Round "8.2"]
[White "Aflalo, Sophie"]
[Black "Navrotescu, Andreea-Cristiana"]
[Result "1-0"]
[WhiteElo "1985"]
[BlackElo "1853"]
[PlyCount "45"]
[EventDate "2009.??.??"]

1. e4 c5 2. Nf3 e6 3. d4 cxd4 4. Nxd4 Nc6 5. c4 Nf6 6. Nc3 Qc7 7. a3 a6 8. Be2
Be7 9. Be3 d6 10. O-O O-O 11. b3 Rd8 12. f4 Bd7 13. Nc2 Na5 14. Nd4 b5 15. f5
bxc4 16. b4 Nc6 17. g4 Ne5 18. g5 Ne8 19. Qe1 Bc8 20. Qg3 a5 21. Rac1 axb4 22.
axb4 Ra3 23. Ndb5 1-0

[Event "Championnat de France des Jeunes - Benja"]
[Site "AIX LES BAINS"]
[Date "2009.04.25"]
[Round "8.3"]
[White "Griggio, Julie"]
[Black "Eid, Maha"]
[Result "0-1"]
[WhiteElo "1807"]
[BlackElo "1929"]
[PlyCount "74"]
[EventDate "2009.??.??"]

1. e4 c5 2. Nf3 e6 3. c3 Nf6 4. e5 Nd5 5. d4 cxd4 6. cxd4 d6 7. Bc4 Nc6 8. O-O
Be7 9. Nbd2 O-O 10. Ne4 h6 11. a3 Qc7 12. Bxd5 exd5 13. Nxd6 Bxd6 14. exd6 Qxd6
15. Be3 Bg4 16. h3 Bh5 17. Qb3 Bxf3 18. gxf3 a6 19. Qb6 Qd7 20. Kh2 Rfe8 21.
Rg1 Re6 22. Qb3 Na5 23. Qc3 Nc4 24. Rg2 Qd6+ 25. Kh1 Rg6 26. Rag1 Qe6 27. Kh2
Rxg2+ 28. Rxg2 Rc8 29. Qb3 b5 30. f4 Qf5 31. Rg3 Kh7 32. Rg1 Qe4 33. Qc3 Nd6
34. Qb4 Nf5 35. Qa5 Nxe3 36. fxe3 Rc2+ 37. Kg3 Qxe3+ 0-1

[Event "Championnat de France des Jeunes - Benja"]
[Site "AIX LES BAINS"]
[Date "2009.04.25"]
[Round "8.4"]
[White "Afraoui, Solenn"]
[Black "Fischer, Julie"]
[Result "0-1"]
[WhiteElo "1840"]
[BlackElo "1644"]
[PlyCount "87"]
[EventDate "2009.??.??"]

1. Nf3 d6 2. d4 Nf6 3. g3 g6 4. Bg2 Bg7 5. c4 O-O 6. O-O c5 7. Nc3 Nc6 8. d5
Na5 9. Qd3 a6 10. Nd2 Rb8 11. e4 Bd7 12. f4 b5 13. cxb5 axb5 14. h3 b4 15. Ne2
Bb5 16. Qe3 Nd7 17. Rb1 c4 18. Re1 Qc7 19. Nd4 Ba6 20. N2f3 c3 21. bxc3 Nc4 22.
Qf2 bxc3 23. Rxb8 Rxb8 24. Nc6 Re8 25. Nfd4 Nb8 26. Bf1 Nxc6 27. Nxc6 Ra8 28.
Qc2 Na5 29. Bxa6 Nxc6 30. Be2 Nb4 31. Qb3 Nxa2 32. Be3 Qb8 33. Bc4 Qxb3 34.
Bxb3 Ra3 35. Rb1 c2 36. Bxc2 Rxe3 37. Rb8+ Bf8 38. Rc8 Rxg3+ 39. Kf2 Rxh3 40.
e5 Rc3 41. Rxc3 Nxc3 42. Bb3 h5 43. Kg3 Ne4+ 44. Kf3 0-1

[Event "Championnat de France des Jeunes - Benja"]
[Site "AIX LES BAINS"]
[Date "2009.04.25"]
[Round "8.5"]
[White "Pivard, Elsa"]
[Black "Henry, Laura"]
[Result "1-0"]
[WhiteElo "1710"]
[BlackElo "1663"]
[PlyCount "53"]
[EventDate "2009.??.??"]

1. e4 e5 2. Nf3 Nc6 3. Bc4 Be7 4. d4 exd4 5. c3 dxc3 6. Qd5 Nh6 7. Bxh6 Rf8 8.
Bxg7 d6 9. Bxf8 Be6 10. Bxe7 Qxe7 11. Qd3 cxb2 12. Qc3 Bxc4 13. Qxb2 Qxe4+ 14.
Kd1 O-O-O 15. Re1 Qg4 16. Nbd2 Bd3 17. Qb3 Qg7 18. Rc1 Ne5 19. Qc3 c6 20. Re3
Bb5 21. Nxe5 dxe5 22. Qxe5 Ba4+ 23. Ke1 Qxg2 24. Qf5+ Kb8 25. Qf4+ Kc8 26. Qxa4
Qd5 27. Rd1 1-0

[Event "Championnat de France des Jeunes - Benja"]
[Site "AIX LES BAINS"]
[Date "2009.04.25"]
[Round "8.6"]
[White "Vignette, Jeanne"]
[Black "Gan, Grace"]
[Result "0-1"]
[WhiteElo "1502"]
[BlackElo "1700"]
[PlyCount "126"]
[EventDate "2009.??.??"]

1. e4 c6 2. d4 d5 3. Nc3 dxe4 4. Nxe4 Nf6 5. Nxf6+ gxf6 6. Bc4 Bf5 7. d5 Rg8 8.
Ne2 Be4 9. dxc6 Nxc6 10. f3 Bg6 11. h4 Qxd1+ 12. Kxd1 Rd8+ 13. Bd2 Bh6 14. f4
Bh5 15. Rg1 Bxf4 16. Bd3 Bxd2 17. Kxd2 Bg6 18. Nf4 Bxd3 19. Nxd3 Nb4 20. g4
Nxd3 21. cxd3 Rd4 22. g5 fxg5 23. hxg5 Rd5 24. Rac1 Kd7 25. Ke3 Rdxg5 26. Rxg5
Rxg5 27. Kf4 Rg2 28. b4 Rxa2 29. Rc4 Rg2 30. Kf3 Rg6 31. Kf4 h5 32. Kf3 Rg4 33.
Rxg4 hxg4+ 34. Kxg4 Kd6 35. Kf4 Kd5 36. Ke3 e5 37. Kd2 Kd4 38. b5 a5 39. bxa6
bxa6 40. Kc2 f5 41. Kd2 a5 42. Kc2 a4 43. Kd2 a3 44. Kc2 a2 45. Kb2 Kxd3 46.
Kxa2 e4 47. Kb2 Kd2 48. Kb3 e3 49. Kc4 e2 50. Kd5 e1=Q 51. Kc5 Qe4 52. Kd6 f4
53. Kc5 Qd3 54. Kc6 Qd4 55. Kc7 Qd5 56. Kb6 Qc4 57. Kb7 Qc5 58. Ka6 Qb4 59. Ka7
Kc3 60. Ka6 Kc4 61. Ka7 Kc5 62. Ka8 Kc6 63. Ka7 Qb7# 0-1

[Event "Championnat de France des Jeunes - Benja"]
[Site "AIX LES BAINS"]
[Date "2009.04.25"]
[Round "8.7"]
[White "Kambrath, Linda"]
[Black "Dubois, Marie"]
[Result "1-0"]
[WhiteElo "1680"]
[BlackElo "1636"]
[PlyCount "83"]
[EventDate "2009.??.??"]

1. e4 c5 2. Nf3 d6 3. Bb5+ Bd7 4. Bxd7+ Qxd7 5. O-O Nc6 6. c3 Nf6 7. Qe2 e6 8.
d4 cxd4 9. cxd4 d5 10. e5 Ne4 11. Be3 Be7 12. Ne1 f6 13. f3 Ng5 14. Bf2 Nf7 15.
Nd3 fxe5 16. dxe5 Qc7 17. Nf4 Nfd8 18. Nd3 O-O 19. f4 Nb4 20. Nxb4 Bxb4 21. a3
Bc5 22. Bxc5 Qxc5+ 23. Kh1 Rc8 24. Nc3 Qc4 25. Qd2 Nc6 26. Rac1 Qd4 27. Qf2
Qxf2 28. Rxf2 Nxe5 29. Rd1 Nc4 30. Nb5 Nxb2 31. Rxb2 Rxf4 32. Nxa7 Re8 33. Rxb7
e5 34. g3 Rf2 35. Rxd5 e4 36. Rd1 e3 37. Re1 e2 38. Kg1 Rf6 39. Rb2 Ra6 40. Nb5
Rb6 41. a4 Rbe6 42. Nc7 1-0

[Event "Championnat de France des Jeunes - Benja"]
[Site "AIX LES BAINS"]
[Date "2009.04.25"]
[Round "8.8"]
[White "Savalle, Mathilde"]
[Black "Monpeurt, Cyrielle"]
[Result "1-0"]
[WhiteElo "1575"]
[BlackElo "1755"]
[PlyCount "93"]
[EventDate "2009.??.??"]

1. e4 e5 2. Nf3 Nc6 3. Bc4 Bc5 4. c3 Nf6 5. d3 d6 6. Nbd2 a6 7. Bb3 Ba7 8. h3
O-O 9. Nf1 d5 10. Qe2 Re8 11. Ng3 Na5 12. Bc2 c5 13. O-O Bd7 14. Re1 Bb5 15. a4
dxe4 16. Nxe4 Nxe4 17. Qxe4 Bc6 18. Qg4 Qf6 19. Bg5 Bxf3 20. gxf3 Qg6 21. Kh1
c4 22. Be3 cxd3 23. Qxg6 hxg6 24. Bxd3 f5 25. Rg1 Kf7 26. b4 Bxe3 27. fxe3 Nc6
28. Kg2 Red8 29. Rgd1 Rac8 30. Rac1 Ne7 31. c4 Rd7 32. Kf2 Rcd8 33. Ke2 Nc6 34.
b5 axb5 35. cxb5 Nb4 36. Bc4+ Kf6 37. Rxd7 Rxd7 38. Rd1 Rc7 39. Rc1 Kg5 40. Kd2
Kh4 41. a5 Kxh3 42. Bf1+ Kg3 43. Rxc7 Kxf3 44. Rxb7 Nd5 45. Be2+ Kf2 46. a6
Nxe3 47. a7 1-0

[Event "Championnat de France des Jeunes - Benja"]
[Site "AIX LES BAINS"]
[Date "2009.04.25"]
[Round "8.9"]
[White "Pouillart, Cecile"]
[Black "Sriskantharajah, Niruja"]
[Result "1/2-1/2"]
[WhiteElo "1745"]
[BlackElo "1643"]
[PlyCount "123"]
[EventDate "2009.??.??"]

1. e4 e5 2. Nf3 Nf6 3. Nxe5 d6 4. Nf3 Nxe4 5. d4 d5 6. Bd3 Bd6 7. O-O O-O 8.
Nbd2 Re8 9. Bxe4 dxe4 10. Ne5 Bxe5 11. dxe5 Nc6 12. Nxe4 Nxe5 13. Qxd8 Rxd8 14.
Bf4 Re8 15. Rfe1 f6 16. Nc3 c6 17. Ne4 Kf8 18. Bd2 b6 19. Bf4 Ba6 20. Nd6 Re7
21. Nf5 Ree8 22. Rad1 Bc8 23. Nd6 Re7 24. Bxe5 fxe5 25. Rd2 Ba6 26. Nf5 Ree8
27. Re3 g6 28. Nd6 Re6 29. Rf3+ Kg7 30. Rf7+ Kg8 31. Rd7 e4 32. Rd1 e3 33. fxe3
Rxe3 34. Nf7 Bc4 35. Ng5 h6 36. Rd8+ Rxd8 37. Rxd8+ Kg7 38. Nf3 Re7 39. Rd4 Be2
40. Nh4 Rf7 41. Nf3 Bxf3 42. gxf3 c5 43. Rd3 Kf6 44. Rd6+ Kf5 45. Kf2 Rg7 46.
a4 Rb7 47. b3 h5 48. a5 Kg5 49. Kg3 Kf5 50. c3 bxa5 51. Rd5+ Ke6 52. Rxc5 Rxb3
53. Rxa5 Rxc3 54. Rxa7 Rc2 55. Ra5 Rd2 56. h4 Rd4 57. Ra6+ Kf5 58. Ra5+ Ke6 59.
Ra3 Rb4 60. f4 Kf5 61. Ra5+ Kf6 62. Ra6+ 1/2-1/2

[Event "Championnat de France des Jeunes - Benja"]
[Site "AIX LES BAINS"]
[Date "2009.04.25"]
[Round "8.10"]
[White "Le Marec, Laura"]
[Black "Nolot, Clementine"]
[Result "1-0"]
[WhiteElo "1554"]
[BlackElo "1659"]
[PlyCount "83"]
[EventDate "2009.??.??"]

1. Nf3 g6 2. g3 Bg7 3. Bg2 f5 4. O-O Nf6 5. d3 d6 6. Nbd2 O-O 7. e4 e5 8. c3
Nc6 9. Qb3+ Kh8 10. Ng5 Qe8 11. Nc4 h6 12. Nh3 g5 13. Bxg5 hxg5 14. Nxg5 Bh6
15. h4 f4 16. Bf3 Rg8 17. Kg2 Qg6 18. Rh1 b6 19. Na3 Bxg5 20. hxg5+ Nh7 21. Rh5
Be6 22. Qb5 Nd8 23. Rah1 Rg7 24. gxf4 exf4 25. e5 a6 26. Be4 Qxe4+ 27. dxe4
axb5 28. exd6 cxd6 29. Kf3 Raa7 30. Nxb5 Rad7 31. Kxf4 Kg8 32. Nd4 Rdf7+ 33.
Ke3 Rxg5 34. Rh6 Re7 35. f4 Rgg7 36. f5 Bd5 37. R1h4 Nf7 38. f6 Rxe4+ 39. Rxe4
Bxe4 40. fxg7 Bd5 41. Rg6 Bxa2 42. Nf5 1-0

[Event "Championnat de France des Jeunes - Pupil"]
[Site "Aix les Bains"]
[Date "2009.04.25"]
[Round "8.1"]
[White "Msellek, Ilyass"]
[Black "Bellahcene, Bilel"]
[Result "1-0"]
[WhiteElo "1935"]
[BlackElo "1968"]
[PlyCount "101"]
[EventDate "2009.??.??"]

1. e4 c5 2. Nf3 Nc6 3. Bb5 g6 4. Bxc6 dxc6 5. h3 Bg7 6. d3 Nf6 7. Nc3 O-O 8.
Be3 b6 9. O-O Ne8 10. Nd2 e5 11. f4 exf4 12. Bxf4 Nd6 13. Qf3 Nb5 14. Nxb5 cxb5
15. e5 Bf5 16. g4 Be6 17. c3 Bd5 18. Qe3 Re8 19. d4 Rc8 20. Ne4 cxd4 21. cxd4
Rc2 22. Rac1 Bxe4 23. Qxe4 Rxb2 24. d5 Rxa2 25. Qf3 Qd7 26. Rfe1 Ra4 27. e6
fxe6 28. Rc7 Qd8 29. Be5 Re7 30. d6 Rd7 31. Qc6 Qh4 32. Rc8+ Bf8 33. Rf1 Rf7
34. Rxf8+ Rxf8 35. Rxf8+ Kxf8 36. Qc8+ Kf7 37. Qd7+ Kf8 38. Qg7+ Ke8 39. d7+
Kd8 40. Bf6+ Qxf6 41. Qxf6+ Kxd7 42. Qf7+ Kd6 43. Qxh7 b4 44. Qxg6 Ra1+ 45. Kf2
a5 46. Qe4 e5 47. g5 Ra2+ 48. Ke1 Ra3 49. g6 Rg3 50. Kf2 Rxh3 51. g7 1-0

[Event "Championnat de France des Jeunes - Pupil"]
[Site "Aix les Bains"]
[Date "2009.04.25"]
[Round "8.2"]
[White "Kambrath, Yannick"]
[Black "Viennot, Dylan"]
[Result "1/2-1/2"]
[WhiteElo "1857"]
[BlackElo "1889"]
[PlyCount "89"]
[EventDate "2009.??.??"]

1. d4 Nf6 2. c4 c5 3. d5 g6 4. Nc3 Bg7 5. e4 O-O 6. f3 d6 7. Bg5 Na6 8. Qd2 Nc7
9. Nge2 a6 10. Ng3 e6 11. a4 exd5 12. cxd5 b6 13. Bd3 Rb8 14. Rc1 Qe8 15. O-O
Bd7 16. b3 b5 17. axb5 Nxb5 18. Nxb5 Bxb5 19. Rb1 Bxd3 20. Qxd3 Qb5 21. Qc2 Rb6
22. Be3 a5 23. Rfd1 Nd7 24. Nf1 f5 25. exf5 Rxf5 26. Ng3 Rf8 27. Ne4 Nf6 28.
Ng5 Bh6 29. Qc3 Qb4 30. Qd3 Qb5 31. Qd2 Qb4 32. Qd3 Qb5 33. Qd2 Re8 34. Ne6
Bxe3+ 35. Qxe3 Qd7 36. Qd2 Nxd5 37. Nxc5 dxc5 38. Qxd5+ Qxd5 39. Rxd5 Rc8 40.
Ra1 Rxb3 41. Rxa5 c4 42. Rac5 Rxc5 43. Rxc5 c3 44. h3 h5 45. Rc7 1/2-1/2

[Event "Championnat de France des Jeunes - Pupil"]
[Site "Aix les Bains"]
[Date "2009.04.25"]
[Round "8.3"]
[White "Purenne, Benoit"]
[Black "Gelas, Christophe"]
[Result "1/2-1/2"]
[WhiteElo "1902"]
[BlackElo "1918"]
[PlyCount "81"]
[EventDate "2009.??.??"]

1. e4 c5 2. Nf3 Nc6 3. d4 cxd4 4. Nxd4 g6 5. c4 Nf6 6. Nc3 d6 7. Be2 Nxd4 8.
Qxd4 Bg7 9. Bg5 h6 10. Bh4 Qa5 11. O-O O-O 12. f4 Re8 13. Qd2 Ng4 14. Bxg4 Bxg4
15. f5 Qc5+ 16. Kh1 Qxc4 17. h3 Bxh3 18. gxh3 Bxc3 19. Qc2 g5 20. Rg1 Rac8 21.
bxc3 Qxc3 22. Qg2 f6 23. Raf1 Rc4 24. Bf2 a6 25. Re1 Rec8 26. h4 Kg7 27. Re3
Qb2 28. Qf3 Rc2 29. Rg2 Rd2 30. Re1 Rcc2 31. Rf1 Qxa2 32. hxg5 fxg5 33. Rh2 Qc4
34. Qh3 Qxe4+ 35. Kg1 Kf7 36. Qh5+ Kf8 37. Re1 Qxe1+ 38. Bxe1 Rxh2 39. Qg6 Rhe2
40. Qxh6+ Ke8 41. Kf1 1/2-1/2

[Event "Championnat de France des Jeunes - Pupil"]
[Site "Aix les Bains"]
[Date "2009.04.25"]
[Round "8.4"]
[White "Lamard, Guillaume"]
[Black "Aubert, Lucas"]
[Result "1-0"]
[WhiteElo "2113"]
[BlackElo "1623"]
[PlyCount "79"]
[EventDate "2009.??.??"]

1. d4 e6 2. c4 Nf6 3. g3 Be7 4. Bg2 d5 5. Nf3 O-O 6. O-O dxc4 7. Qc2 a6 8. a4
Bd7 9. Qxc4 Bc6 10. Nc3 Ne4 11. Ne5 Nxc3 12. bxc3 Bxg2 13. Kxg2 Nd7 14. Nf3 Rc8
15. Rb1 Nb6 16. Qb3 Qd5 17. Qxd5 Nxd5 18. Bd2 b6 19. e4 Nf6 20. Rfe1 Nd7 21. c4
Rfe8 22. Bc3 c6 23. Bd2 Bd6 24. Bf4 Bxf4 25. gxf4 Rb8 26. Ne5 Nxe5 27. fxe5
Red8 28. Red1 b5 29. cxb5 cxb5 30. axb5 Rxb5 31. Rxb5 axb5 32. d5 exd5 33. exd5
Kf8 34. f4 g6 35. Kf3 Ke7 36. d6+ Ke6 37. Rc1 b4 38. Rc7 Rb8 39. Ke4 f5+ 40.
Kd4 1-0

[Event "Championnat de France des Jeunes - Pupil"]
[Site "Aix les Bains"]
[Date "2009.04.25"]
[Round "8.5"]
[White "Le Pen, Steven"]
[Black "Eid, Amine"]
[Result "0-1"]
[WhiteElo "1726"]
[BlackElo "1845"]
[PlyCount "106"]
[EventDate "2009.??.??"]

1. e4 c5 2. Nf3 Nc6 3. d4 cxd4 4. Nxd4 Nf6 5. Nc3 g6 6. Be3 Bg7 7. f3 O-O 8.
Qd2 d5 9. exd5 Nxd5 10. Nxc6 bxc6 11. Bd4 e5 12. Bc5 Re8 13. O-O-O Be6 14. Nxd5
Bxd5 15. Kb1 Qc7 16. Be2 a5 17. Qe3 Qb7 18. c4 Be6 19. Rd2 f5 20. Rhd1 a4 21.
Qa3 Bf6 22. Qb4 Qf7 23. Rc2 Reb8 24. Qa3 Rb7 25. Bd6 e4 26. fxe4 fxe4 27. g3
Qg7 28. Rdd2 Bf5 29. Qe3 h5 30. Bc5 Rab8 31. Bd4 Bxd4 32. Qxd4 e3 33. Qxg7+
Kxg7 34. Rd3 Bxd3 35. Bxd3 Re7 36. Re2 Rf8 37. Kc1 Rf2 38. Kd1 Rd7 39. Rxe3
Rxb2 40. Kc1 Rxa2 41. Bb1 Rxh2 42. Bc2 Rf7 43. Ra3 Rf1+ 44. Kb2 Rff2 45. Rc3
Rxc2+ 46. Rxc2 Rxc2+ 47. Kxc2 g5 48. Kb2 h4 49. gxh4 gxh4 50. Ka3 h3 51. Kxa4
h2 52. Kb4 h1=Q 53. Kc5 Qe4 0-1

[Event "Championnat de France des Jeunes - Pupil"]
[Site "Aix les Bains"]
[Date "2009.04.25"]
[Round "8.6"]
[White "Balagny-Carbuccia, Nicolas"]
[Black "Sarafian, Thomas"]
[Result "1-0"]
[WhiteElo "1820"]
[BlackElo "1720"]
[PlyCount "87"]
[EventDate "2009.??.??"]

1. e4 c5 2. Nf3 Nc6 3. b3 Nf6 4. Nc3 d6 5. d4 cxd4 6. Nxd4 Qa5 7. Qd3 Nxd4 8.
Qxd4 Nxe4 9. b4 Qc7 10. Bb5+ Bd7 11. Bxd7+ Kxd7 12. Nxe4 Qxc2 13. O-O Rc8 14.
Re1 b6 15. Ng5 Qf5 16. Bf4 h6 17. Nf3 f6 18. Rac1 Rxc1 19. Bxc1 Qc2 20. Qd5 Qc7
21. Qe6+ Kd8 22. Nd4 Qd7 23. f4 Qxe6 24. Nxe6+ Kd7 25. f5 h5 26. h4 g6 27. fxg6
Rg8 28. Bf4 Ke8 29. Nxf8 Kxf8 30. g7+ Kf7 31. Rc1 Rxg7 32. Rc7 Ke6 33. Rxa7 Kd5
34. Be3 Rg4 35. b5 Rb4 36. a4 e5 37. Bxb6 e4 38. Rh7 Rxa4 39. Rxh5+ Ke6 40. Bf2
Rb4 41. b6 d5 42. Rh8 d4 43. Bxd4 Rxd4 44. b7 1-0

[Event "Championnat de France des Jeunes - Pupil"]
[Site "Aix les Bains"]
[Date "2009.04.25"]
[Round "8.7"]
[White "Stili, Karim"]
[Black "Ek, Alexandre"]
[Result "0-1"]
[WhiteElo "1450"]
[BlackElo "1800"]
[PlyCount "74"]
[EventDate "2009.??.??"]

1. d4 d5 2. c4 Nc6 3. cxd5 Qxd5 4. Nf3 Bg4 5. e3 e5 6. Nc3 Bb4 7. Bd2 Bxc3 8.
bxc3 e4 9. c4 Qh5 10. Be2 exf3 11. Bxf3 Bxf3 12. gxf3 O-O-O 13. f4 Qxd1+ 14.
Kxd1 Nf6 15. f3 Rhe8 16. Rg1 g6 17. Ke2 Nxd4+ 18. Kf2 Nxf3 19. Kxf3 Rxd2 20.
Rg2 Rxg2 21. Kxg2 Rxe3 22. Rc1 Re2+ 23. Kg3 Rxa2 24. Re1 a5 25. Re7 a4 26. Rxf7
Nh5+ 27. Kf3 a3 28. Rf8+ Kd7 29. Ra8 Rxh2 30. Ke4 a2 31. Kd5 Nxf4+ 32. Kc5 Nd3+
33. Kd4 Nb4 34. Kc3 Rh1 35. Kxb4 a1=Q 36. Rg8 Qb2+ 37. Kc5 Rh5# 0-1

[Event "Championnat de France des Jeunes - Pupil"]
[Site "Aix les Bains"]
[Date "2009.04.25"]
[Round "8.8"]
[White "Hyjazi, Theo"]
[Black "Pruvot, Louis"]
[Result "0-1"]
[WhiteElo "1770"]
[BlackElo "1690"]
[PlyCount "160"]
[EventDate "2009.??.??"]

1. d4 d5 2. Nf3 e6 3. g3 c5 4. c4 Nc6 5. dxc5 Bxc5 6. cxd5 exd5 7. Bg2 Nf6 8.
O-O h6 9. Qc2 Bb6 10. Bf4 O-O 11. Nc3 Re8 12. Rad1 Bg4 13. Rfe1 Bh5 14. e4 Bg6
15. Nh4 Bh7 16. Nf5 Bxf5 17. exf5 Rxe1+ 18. Rxe1 Qd7 19. Rd1 Nd4 20. Qd3 Rd8
21. Be3 Nxf5 22. Bxb6 axb6 23. Nxd5 Kf8 24. Nb4 Qxd3 25. Rxd3 Rxd3 26. Nxd3 Nd6
27. Nf4 Ke7 28. Nd5+ Nxd5 29. Bxd5 Kf6 30. Kf1 Ke5 31. Bg2 Kd4 32. Ke2 Ne4 33.
h4 b5 34. g4 g5 35. h5 b4 36. f3 Nc5 37. Kd2 f6 38. b3 Ne6 39. Bf1 Nf4 40. Bc4
Nd5 41. Bxd5 Kxd5 42. Ke3 Ke5 43. Kd3 Kf4 44. Ke2 f5 45. gxf5 Kxf5 46. Ke3 Ke5
47. Ke2 Kf4 48. Kf2 g4 49. fxg4 Kxg4 50. Ke3 Kxh5 51. Kf4 Kg6 52. Kg4 b5 53.
Kf4 Kf6 54. Ke4 Ke6 55. Kd4 Kf5 56. Ke3 Kg4 57. Kf2 Kf4 58. Ke2 Ke4 59. Kd2 Kd4
60. Kc2 h5 61. Kd2 h4 62. Ke2 h3 63. Kf2 Kc3 64. Kg3 Kb2 65. Kxh3 Kxa2 66. Kg2
Kxb3 67. Kf2 Kc2 68. Ke3 b3 69. Kd4 b2 70. Ke4 b1=Q 71. Kd4 Qb2+ 72. Ke3 Kc3
73. Ke4 Qd2 74. Kf5 Qe3 75. Kg4 Qf2 76. Kh3 Qg1 77. Kh4 Kd4 78. Kh5 Ke5 79. Kh4
Kf4 80. Kh3 Qg3# 0-1

[Event "Championnat de France des Jeunes - Pupil"]
[Site "Aix les Bains"]
[Date "2009.04.25"]
[Round "8.9"]
[White "Dubois, Adrien"]
[Black "Lagrave, Lucas"]
[Result "1-0"]
[WhiteElo "1540"]
[BlackElo "1770"]
[Annotator "Rivier,Sylvain"]
[PlyCount "58"]
[EventDate "2009.??.??"]

1. d4 d5 2. c4 e6 3. Nc3 Nf6 4. cxd5 exd5 5. Bg5 Be7 6. Qc2 c6 7. e3 O-O 8. Bd3
h6 9. Bh4 Re8 10. Nf3 Ne4 11. Bxe7 Qxe7 12. Ne5 Nd7 13. Bxe4 dxe4 14. Qxe4 Nxe5
15. dxe5 Qxe5 16. Qxe5 Rxe5 17. O-O-O Be6 18. Rd2 Kf8 19. Re1 Ke7 20. f4 Rh5
21. h3 Rd8 22. Rf2 Rc5 23. Kc2 f5 24. e4 fxe4 25. Rxe4 Kf6 26. g4 g6 27. h4
Rxc3+ 28. Kxc3 h5 29. g5+ Kf7 {suite illisible} 1-0